00416nam a2200109Ia 4500008004100000082000800041100002100049245011800070942000600188952009700194999001500291240331s9999 xx 000 0 und d bTHI aThiruchandran, S 0aVarlviyal samatharma kodpaadukaludan muranpaddu nitkum meddu nilai panpaaddu kolankal :boru penn nilai visaranai cL 001040708LaWERCLbWERCLcSSCd2024-03-31l0o 305.4 THIp1878r2024-03-31w2024-03-31yL c1712d1712